000 00698nam a2200181 4500
001 125700
003 ES-MaACL
005 20251009191044.0
007 t|
008 070214s1968 sp r ||||1| spa d
245 0 4 _aLos ratios sociales
_b: instrumentos para la medida del clima social de la empresa /
_cpor la Association Fraçaise des Conseillers de Direction ; traducción de Antonio Sènz de Miera.
260 _aMadrid :
_bIbérico Europea,
_c1968.
300 _a180 p. :
_bil. ;
_c22 cm.
700 1 _aSáenz de Miera, Antonio,
_d1935-
_9133066
710 2 _aAssociation Fraçaise des Conseillers de Direction.
_91814
852 _aES-MaACL
_jC-36058
_bR.68766
999 _c125700
_d125700